Najszybciej wyludniające się miasta Polski - Statystyki

Ogólne statystyki
  • Ten quiz został rozwiązany 38 razy
  • Średni wynik to 8 z 15
Statystyki odpowiedzi
Wyludnienie Miasto % Poprawnych
184 tys. Łódź
83%
76 tys. Katowice
77%
29 tys. Częstochowa
69%
27 tys. Gliwice
69%
59 tys. Sosnowiec
69%
42 tys. Zabrze
66%
87 tys. Bytom
63%
29 tys. Ruda Śląska
60%
50 tys. Chorzów
54%
28 tys. Dąbrowa Górnicza
54%
33 tys. Wałbrzych
54%
22 tys. Bydgoszcz
49%
16 tys. Jastrzębie-Zdrój
31%
15 tys. Kędzierzyn-Koźle
11%
16 tys. Zawiercie
6%
Nie znaleziono quizów pasujących do podanych kryteriów
Rozkład punktacji
Procent ludzi z każdym wynikiem
Percentyl według liczby udzielonych odpowiedzi
Twoja historia wyników
Nie rozwiązałeś tego quizu